000 00643nam a2200229Ia 4500
003 OSt
005 20221006164806.0
006 a|||||r|||| 00| 0
007 ta
008 221006b |||||||| |||| 00| 0 eng d
024 _a630
037 _cTextual
040 _aFML
_cFML
_beng
041 _2eng
_aeng
082 _aY:351.9392, J9
100 _aElbert Samuel H Ed.
_9678358
245 0 _aSelections From Fornander's Hawaiian Antiquities And Folklore
260 _aHawaii
_bUniversity Press
_c1959
300 _a297
_ccm.
942 _hY:351.9392, J9
_cTEXL
_2CC
999 _c1118494
_d1118494